Continuous and discrete dynamics near manifolds of equilibria
محفوظ في:
| المؤلف الرئيسي: | |
|---|---|
| التنسيق: | كتاب |
| اللغة: | الإنجليزية |
| منشور في: |
Berlín
Springer-Verlag
1984
|
| سلاسل: | Lecture Notes in Mathematics, 1058
|
| الموضوعات: | |
| الوسوم: |
إضافة وسم
لا توجد وسوم, كن أول من يضع وسما على هذه التسجيلة!
|
MARC
| LEADER | 00000nam a2200000 a 4500 | ||
|---|---|---|---|
| 001 | UCP0246 | ||
| 003 | CL-VaPUC | ||
| 008 | 990305e19840000GW |||||||||||||||||eng|d | ||
| 082 | 0 | 4 | |a 515.35 |b AUL |2 21 |
| 100 | 0 | |a Aulbach, Bernd |e author |9 425320 | |
| 245 | 1 | 0 | |a Continuous and discrete dynamics near manifolds of equilibria |
| 300 | |a 142 p | ||
| 942 | |c BK | ||
| 945 | |d 19990305 00:00:00 |a crobeson | ||
| 260 | |a Berlín |b Springer-Verlag |c 1984 | ||
| 650 | 0 | |a Ecuaciones diferenciales |9 260083 | |
| 650 | 7 | |a REDUCTIBILIDAD |2 CL-VaPUC |9 425321 | |
| 650 | 7 | |a MULTIFORMES |2 CL-VaPUC |9 424011 | |
| 583 | |a last modification |c 19990305 00:00:00 |k Rodrigo Vera | ||
| 490 | 0 | |a Lecture Notes in Mathematics, 1058 | |
| 999 | |c 279085 |d 279083 | ||
| 952 | |0 0 |1 0 |4 0 |6 515_350000000000000_AUL_1984 |7 0 |8 A |9 318002 |a BIBMAT |b BIBMAT |d 2019-11-20 |i 1323121 |o 515.35 AUL 1984 |p 1323121 |r 2025-01-07 |w 2019-11-20 |y BK |k MAT | ||